000 00540nam a2200193Ia 4500
005 20250508162035.0
008 008 250505s9999 xx 000 0 eng d
037 _aTextual
040 _aFEDL
_beng
_cFEDL
041 _aeng
_2eng
084 _a370.1, MAR
_qFEDL
100 _aMarler Charles Dennis
_9772125
245 0 _aPhilosophy and schooling
260 _aBoston, USA
_bAllyn and Bacon
_c1975
300 _axii,396p.
650 _aEducation - Philosophy
942 _cTEXL
_h370.1, MAR
999 _c1374003
_d1374003